STN EN 61439-5: 2011 (35 7107) [neplatná], Nízkonapäťové rozvádzače Časť 5 Rozvádzače na rozvod energie vo verejných sieťach

Táto norma je slovenskou verziou európskej normy EN 61439-5: 2011. Preklad zabezpečil Slovenský ústav technickej normalizácie. Má rovnaké postavenie ako majú oficiálne verzie

Bibliographic Details
Corporate Author: INFOSERVIS (Krompachy, Slovensko) (Translator)
Other Authors: Čatlošová, Gabriela (Translator), Čatloš, Marcel (Translator)
Format: Book
Language:Slovak
English
PhysicalDescription:28 strán obrázky, tabuľky 30 cm
Published: Bratislava Slovenský ústav technickej normalizácie 2011
Subjects:

MARC

LEADER 00000cam a2200000 a 4500
001 vtls010299948
003 SK-MaSNL
005 20260301132028.0
008 130117s2011 xo a f u 000 0 slo
015 |a SNBN2013 
020 |c (cen. skup. 12) 
040 |a SNK  |b slo  |c SNK  |e AACR2 
041 1 |a slo  |h eng 
044 |a xo  |c SK 
046 |a m  |m 201108 (účin.)  |n 20170929 (zruš.) 
072 7 |a 621.3  |x Elektrotechnika  |2 konspekt 
080 |a 621.311.1  |2 2001 
080 |a 006.7/.8  |2 2001 
080 |a (437.6)  |2 2001 
080 |a (4)  |2 2001 
084 |a 29.130.20  |2 ICS 
130 0 |a STN 35 7107 (STN EN 61439-5) [neplatná]  |9 482174 
245 1 0 |a STN EN 61439-5: 2011 (35 7107) [neplatná], Nízkonapäťové rozvádzače  |n Časť 5  |p Rozvádzače na rozvod energie vo verejných sieťach 
246 1 0 |a Nízkonapäťové rozvádzače 
246 1 0 |a Rozvádzače na rozvod energie vo verejných sieťach 
246 3 0 |a EN 61439-5: 2011 E 
260 |a Bratislava  |b Slovenský ústav technickej normalizácie  |c 2011 
300 |a 28 strán  |b obrázky, tabuľky  |c 30 cm 
500 |a Súbežný názov v angličtine, francúzštine, nemčine 
500 |a Táto norma nahrádza STN EN 60439-5 z júna 2007 v celom rozsahu 
500 |a Spracovateľ: INFOSERVIS Krompachy, Gabriela Čatlošová, Marcel Čatloš 
500 |a Norma je nahradená anglickou verziou normy STN EN 61439-5 z júna 2015, ktorú nahradila slovenská norma STN EN 61439-5 z augusta 2016 v celom rozsahu. Táto norma sa môže súbežne s platnou normou používať do 29.9.2017 
504 |a Citované normy, súvisiace právne predpisy na strane 2 
520 8 |a Táto norma je slovenskou verziou európskej normy EN 61439-5: 2011. Preklad zabezpečil Slovenský ústav technickej normalizácie. Má rovnaké postavenie ako majú oficiálne verzie 
540 |a STN vydané na akomkoľvek nosiči sa môžu rozmnožovať a rozširovať iba so súhlasom určenej právnickej osoby  |b SÚTN Bratislava  |c zákon 264/1999 Z.z. 
650 0 7 |a elektrické rozvody  |2 SNKPH  |9 67472 
650 0 7 |a Electric power distribution  |2 SNKPHeng  |9 311842 
650 0 7 |a technické normy a štandardy  |z Slovensko  |2 SNKPH  |9 79594 
650 0 7 |a technické normy a štandardy  |z krajiny Európskej únie  |2 SNKPH  |9 289341 
655 7 |a normy  |2 SNKPH  |9 70643 
700 1 |a Čatlošová, Gabriela  |4 trl  |9 297358 
700 1 |a Čatloš, Marcel  |4 trl  |9 291773 
710 2 |a INFOSERVIS (Krompachy, Slovensko)  |4 trl  |9 297359 
710 2 |a Slovenský ústav technickej normalizácie (Bratislava, Slovensko).  |b Technická komisia č. 82 Elektrické prístroje a rozvádzače  |4 stn  |9 311844 
774 1 8 |t STN EN 60439-5: 2007  |d Bratislava: Slovenský ústav technickej normalizácie, 2007  |w vtls009809517 
852 |a Štátna vedecká knižnica v Banskej Bystrici 
958 |a OP 
999 |c 749865  |d 751795 
952 |a SNK  |b SNK  |y PREZ  |7 0  |p 17A0717052  |o snkSTN EN 61439-5  |i snk2011/18177  |8 0  |0 0  |1 0  |4 0  |d 2011-09-02  |l 0  |r 2026-02-23 23:28:34  |w 2026-02-23 
952 |a SNK  |b SNK  |y PREZ  |7 0  |p 17A0717053  |o snkSTN EN 61439-5 D1  |i snk2011/18178  |8 0  |0 0  |1 0  |4 0  |d 2011-09-02  |l 0  |r 2026-02-23 23:28:34  |w 2026-02-23